000 01696nam0a2200361 4500
001 RU\NLR\bibl\1505556
005 20260405204022.0
010 _a978-5-904682-01-9
_9300
021 _aRU
_b2010-21279
_91435
035 _a(nilc)RSL-KNO-004620216
035 _a(NLR Aleph) 001496979
090 _a1787240
_c1787240
100 _a20100330d2010 |||y0rusy50 ca
101 0 _arus
102 _aRU
105 _ay zzzz|||||
200 1 _aТрилистник
_e[стихи]
_fС. В. Гольдин, Е. С. Гольдина, Л. С. Гольдин
210 _aНовосибирск
_cГео
_d2010
215 _a112, [4] с .
_cил.
_d20
300 _aНа обл. авт. не указаны
610 0 _aФилологические науки. Художественная литература -- Российская Федерация -- Русская литература -- с сер. 50-х гг. 20 в. -- Произведения художественной литературы -- Поэзия -- Сборники разных авторов
686 _aШ5(2=Р)75-65я43
_2rubbk
686 _aШ6(2=Р)8-5
700 1 _4070
_8rus
_7ca
_aГольдин
_bС. В.
_cд-р физ.-мат. наук, поэт
_f1936-2007
_gСергей Васильевич
_3RU\NLR\auth\7791321
_974248
701 1 _4070
_8rus
_7ca
_aГольдина
_bЕ. С.
_f1972-
_gЕкатерина Сергеевна
_3RU\NLR\auth\7728993
_912022
701 1 _aГольдин
_bЛ. С.
_gЛев Сергеевич
_4070
801 0 _aRU
_bРГБ
_c20100330
_gRCR
801 1 _aRU
_bРГБ
_c20100330
801 2 _aRU
_bNLR
_c20100428
_grcr
942 _cBOOK
980 _aNB